The Krakatau eruption / (Record no. 6343)

MARC details
000 -LEADER
fixed length control field 01553cam a22003014a 4500
001 - CONTROL NUMBER
control field 6343
003 - CONTROL NUMBER IDENTIFIER
control field FISKH
005 - DATE AND TIME OF LATEST TRANSACTION
control field 20250423093436.0
008 - FIXED-LENGTH DATA ELEMENTS--GENERAL INFORMATION
fixed length control field 101026s2011 nyua j b 001 0 eng
010 ## - LIBRARY OF CONGRESS CONTROL NUMBER
LC control number 2010045930
020 ## - INTERNATIONAL STANDARD BOOK NUMBER
International Standard Book Number 9780531206287 (hardcover)
020 ## - INTERNATIONAL STANDARD BOOK NUMBER
International Standard Book Number 9780531289976
020 ## - INTERNATIONAL STANDARD BOOK NUMBER
International Standard Book Number 9780531290279 (softcover)
040 ## - CATALOGING SOURCE
Original cataloging agency DLC
Transcribing agency DLC
Modifying agency DLC
Language of cataloging eng
050 ## - LIBRARY OF CONGRESS CALL NUMBER
Classification number QE523.K73 B46
082 ## - DEWEY DECIMAL CLASSIFICATION NUMBER
Classification number 551.2109598
100 1# - MAIN ENTRY--PERSONAL NAME
Personal name Benoit, Peter,
Dates associated with a name 1955-
245 14 - TITLE STATEMENT
Title The Krakatau eruption /
Statement of responsibility, etc. Peter Benoit.
260 ## - PUBLICATION, DISTRIBUTION, ETC.
Place of publication, distribution, etc. New York :
Name of publisher, distributor, etc. Scholastic,
Date of publication, distribution, etc. 2011.
300 ## - PHYSICAL DESCRIPTION
Extent 48 pages :
Other physical details color illustrations ;
Dimensions 22 cm
490 0# - SERIES STATEMENT
Series statement A true book
504 ## - BIBLIOGRAPHY, ETC. NOTE
Bibliography, etc. note Includes bibliographical references (p. 44) and index.
505 0# - FORMATTED CONTENTS NOTE
Formatted contents note An amazing explosion : what makes Krakatau a famous volcanic island? -- Events leading up to August 1883 : what was the period just before the big blast like? -- A day of destruction : what exactly happened on August 27, 1883? -- The big truth : experiencing a volcano's fury : what was it like to live through the destruction of Krakatau? -- Other effects of the eruptions : how did the eruptions on Krakatau change climate and geography? -- Keeping an eye on Krakatau : what do scientists think about the 1883 eruptions and future dangers? -- True statistics -- Important words.
650 #0 - SUBJECT ADDED ENTRY--TOPICAL TERM
Topical term or geographic name entry element Volcanoes
Geographic subdivision Indonesia
-- Krakatoa
General subdivision History
Chronological subdivision 19th century
Form subdivision Juvenile literature.
651 #0 - SUBJECT ADDED ENTRY--GEOGRAPHIC NAME
Geographic name Krakatoa (Indonesia)
General subdivision Eruption, 1883
Form subdivision Juvenile literature.
906 ## - LOCAL DATA ELEMENT F, LDF (RLIN)
a 7
b cbc
c orignew
d 1
e ecip
f 20
g y-gencatlg
942 ## - ADDED ENTRY ELEMENTS (KOHA)
Source of classification or shelving scheme Dewey Decimal Classification
Koha item type Books
Suppress in OPAC No
Holdings
Withdrawn status Lost status Source of classification or shelving scheme Damaged status Not for loan Collection Home library Current library Shelving location Date acquired Total Checkouts Full call number Barcode Date last seen Copy number Price effective from Koha item type
    Dewey Decimal Classification     Non-Fiction Footprints International School Library Network Toul Kork Campus Footprints International School Library Network Toul Kork Campus A TK Campus, 4th Floor, Room B401, Non-Fiction Bookcases(7-8) 04/23/2025   BEN 551.2109598 QE523.K73 B46 FISTK02663 04/23/2025 1 04/23/2025 Books